000 00395nam a2200145Ia 4500
008 231217s9999 xx 000 0 und d
041 _aEnglish
082 _a001.6424 MAR;1 `R1'
100 _aMartin, John C
245 0 _aIntroduction to languages and the theory of computation
260 _c1998
_bNew Delhi : TMH,
300 _axiv+450
650 _aLanguages, Computation
942 _cAA
999 _c167043
_d167043